Library Banner

Pathology illustrated / (Record no. 124883)

MARC details
000 -LEADER
fixed length control field 00657cam a22002414a 4500
001 - CONTROL NUMBER
control field 13949457
005 - DATE AND TIME OF LATEST TRANSACTION
control field 20211211095648.0
008 - FIXED-LENGTH DATA ELEMENTS--GENERAL INFORMATION
fixed length control field 050503s2005 stka 001 0 eng
020 ## - INTERNATIONAL STANDARD BOOK NUMBER
International Standard Book Number 9780702072055
040 ## - CATALOGING SOURCE
Transcribing agency PK-LaUMT
082 00 - DEWEY DECIMAL CLASSIFICATION NUMBER
Classification number 616.07022
Edition number 22
Item number PAT-
245 10 - TITLE STATEMENT
Title Pathology illustrated /
Statement of responsibility, etc edited by Fiona Roberts and Elaine MacDuff
250 ## - EDITION STATEMENT
Edition statement 8th ed.
260 ## - PUBLICATION, DISTRIBUTION, ETC. (IMPRINT)
Place of publication, distribution, etc Edinburgh ;
-- New York :
Name of publisher, distributor, etc Elsevier,
Date of publication, distribution, etc 2018
300 ## - PHYSICAL DESCRIPTION
Extent 714 p. :
Other physical details ill. ;
Dimensions 25 cm.
500 ## - GENERAL NOTE
General note Includes index.
650 #0 - SUBJECT ADDED ENTRY--TOPICAL TERM
Topical term or geographic name as entry element Pathology.
650 #0 - SUBJECT ADDED ENTRY--TOPICAL TERM
Topical term or geographic name as entry element Pathology
650 12 - SUBJECT ADDED ENTRY--TOPICAL TERM
Topical term or geographic name as entry element Pathology.
700 1# - ADDED ENTRY--PERSONAL NAME
Personal name Roberts, Fiona,
700 1# - ADDED ENTRY--PERSONAL NAME
Personal name Macfarlane, Peter S.
942 ## - ADDED ENTRY ELEMENTS (KOHA)
Koha item type Books
Holdings
Withdrawn status Lost status Damaged status Home library Current library Date acquired Full call number Barcode Date last seen Price effective from Koha item type Copy number
      UMT Health Sciences Campus UMT Health Sciences Campus 2021-12-11 616.07022 PAT- 139740 2023-03-09 2021-12-11 Books  
      UMT Health Sciences Campus UMT Health Sciences Campus 2021-12-11 616.07022 PAT- 139741 2023-12-26 2021-12-11 Books C.2
      UMT Health Sciences Campus UMT Health Sciences Campus 2021-12-11 616.07022 PAT- 139742 2023-02-08 2021-12-11 Books C.3
      UMT Health Sciences Campus UMT Health Sciences Campus 2021-12-11 616.07022 PAT- 139743 2025-03-10 2021-12-11 Books C.4
      UMT Health Sciences Campus UMT Health Sciences Campus 2021-12-11 616.07022 PAT- 139744 2023-01-19 2021-12-11 Books C.5
      UMT Health Sciences Campus UMT Health Sciences Campus 2021-12-11 616.07022 PAT- 140101 2021-12-11 2021-12-11 Books C.6
      UMT Health Sciences Campus UMT Health Sciences Campus 2021-12-11 616.07022 PAT- 140102 2023-03-09 2021-12-11 Books C.7
      UMT Health Sciences Campus UMT Health Sciences Campus 2021-12-11 616.07022 PAT- 140103 2023-12-20 2021-12-11 Books C.8
      UMT Health Sciences Campus UMT Health Sciences Campus 2021-12-11 616.07022 PAT- 140104 2021-12-11 2021-12-11 Books C.9
      UMT Health Sciences Campus UMT Health Sciences Campus 2021-12-11 616.07022 PAT- 140105 2025-12-23 2021-12-11 Books C.10
      UMT Health Sciences Campus UMT Quaid-e-Azam Campus 2026-03-02 616.07022 PAT- 152032 2026-03-02 2026-03-02 Books C.2